UBT Library

College trigonometry / (Record no. 1394)

000 -LEADER
fixed length control field 00583nam a22001937a 4500
008 - FIXED-LENGTH DATA ELEMENTS--GENERAL INFORMATION
fixed length control field 151201b xxu||||| |||| 00| 0 eng d
020 ## - INTERNATIONAL STANDARD BOOK NUMBER
International Standard Book Number 0618388044 (student's ed.)
041 0# - LANGUAGE CODE
Language code of text/sound track or separate title eng
080 ## - UNIVERSAL DECIMAL CLASSIFICATION NUMBER
Universal Decimal Classification number 514.11
100 1# - Rafti
Rafti Aufmann, Richard N.
245 10 - TITLE STATEMENT
Title College trigonometry /
Statement of responsibility, etc Richard N. Aufmann, Vernon C. Barker, Richard D. Nation.
250 ## -
-- 5th ed.
260 ## -
-- Boston :
-- Houghton Mifflin Co.,
-- c2005.
300 ## -
-- 1 v. (various pagings) :
-- me il.;
-- 27 cm.
650 #0 -
-- Trigonometri
700 1# -
-- Barker, Vernon C.
700 1# -
-- Nation, Richard.
942 ## - ADDED ENTRY ELEMENTS (KOHA)
Source of classification or shelving scheme
Item type Books
Holdings
Withdrawn status Lost status Source of classification or shelving scheme Damaged status Not for loan Collection code Permanent location Current location Shelving location Date acquired Total Checkouts Full call number Barcode Date last seen Koha item type
          Koleksioni i përgjithshem UBT - Lipjan UBT - Lipjan Koleksioni i përgjithshem 12/01/2015   514.11 AUF 002-008753 12/01/2015 Books
UBT Library © 2015-2024. All rights reserved University Education for Business and Technology